| 000 | 00700nam a2200229 a 4500 | ||
|---|---|---|---|
| 001 | 13811 | ||
| 003 | BD-JhCC | ||
| 005 | 20240415095741.0 | ||
| 008 | 240415b2018 bg |||| ||a| 000 0 ben d | ||
| 020 | _a9789848046005 | ||
| 035 | _a(BD-JhCC)13811 | ||
| 040 |
_aBD-JhCC _dBD-JhCC |
||
| 041 | _aBengali | ||
| 082 |
_a297.1 _bANI 2018 |
||
| 100 | _a আনিস,রেহনুমা বিনতে | ||
| 245 |
_aওপারে / _cরেহনুমা বিনতে আনিস। |
||
| 260 |
_aঢাকা: _bসিয়ান প্রকাশনী; _c2018. |
||
| 300 |
_a120 p. : _c22 cm. |
||
| 650 |
_aIslamic _xDeath _zAafterlife and heaven-hell |
||
| 942 |
_2ddc _cBK |
||
| 999 |
_c13811 _d13811 |
||